The noble scholar, jurist, historian


 His Excellency Dr. Abdul Wahhab bin Ibrahim Abu Sulaiman, may Allah have mercy on him.


 He was born in Umm Al-Qura in the year 1356 AH.

بستان المحدثين/ (Record no. 5291)

MARC details
000 -LEADER
fixed length control field 01517cam a2200301 i 4500
003 - CONTROL NUMBER IDENTIFIER
control field SA-RiAUC
005 - DATE AND TIME OF LATEST TRANSACTION
control field 20250127063634.0
008 - FIXED-LENGTH DATA ELEMENTS--GENERAL INFORMATION
fixed length control field 250126s2000 su g b 00010dara c
020 ## - INTERNATIONAL STANDARD BOOK NUMBER
International Standard Book Number 9960367851
040 ## - CATALOGING SOURCE
Original cataloging agency SA-JeALM
Language of cataloging ara
Transcribing agency SA-RiAUC
Description conventions rda
041 1# - LANGUAGE CODE
Language code of text/sound track or separate title ara
Language code of original per
082 04 - DEWEY DECIMAL CLASSIFICATION NUMBER
Classification number 016.23
090 ## - LOCALLY ASSIGNED LC-TYPE CALL NUMBER (OCLC); LOCAL CALL NUMBER (RLIN)
Classification number (OCLC) (R) ; Classification number, CALL (RLIN) (NR) 016.23
Local cutter number (OCLC) ; Book number/undivided call number, CALL (RLIN) د هـ ل
100 1# - MAIN ENTRY--PERSONAL NAME
Personal name الدهلوي، سراج الهند عبدالعزيز ولي الله بن عبدالرحيم
Dates associated with a name 1110-1176 هجري
Relator term مؤلف.
245 10 - TITLE STATEMENT
Title بستان المحدثين/
Statement of responsibility, etc. تأليف عبد العزيز بن الإمام المحدث ولي الله الدهلوي ؛ نقله من الفارسية إلى اللغة العربية محمد إشفاق السلفي ؛ إعداد ومراجعة محمد لقمان السلفي.
250 ## - EDITION STATEMENT
Edition statement الطبعة الأولى.
264 #1 - PRODUCTION, PUBLICATION, DISTRIBUTION, MANUFACTURE, AND COPYRIGHT NOTICE
Place of production, publication, distribution, manufacture الرياض :
-- مدينة السلام، الهند :
Name of producer, publisher, distributor, manufacturer دار الداعي للنشر والتوزيع ؛
-- مركز العلامة ابن باز للدراسات الإسلامية،
Date of production, publication, distribution, manufacture, or copyright notice 2001
300 ## - PHYSICAL DESCRIPTION
Extent 217 صفحة ؛
Dimensions 24 سم
336 ## - CONTENT TYPE
Content type term نص
Content type code txt
Source rdacontent
Materials specified كتاب
337 ## - MEDIA TYPE
Media type term بدون وسيط
Media type code n
Source rdamedia
338 ## - CARRIER TYPE
Carrier type term مجلد
Carrier type code nc
Source rdacarrier
650 #7 - SUBJECT ADDED ENTRY--TOPICAL TERM
Topical term or geographic name entry element الحديث
Form subdivision ببليوجرافيات
Source of heading or term aucsh
650 #7 - SUBJECT ADDED ENTRY--TOPICAL TERM
Topical term or geographic name entry element الحديث
General subdivision تراجم الرواة
Source of heading or term aucsh
700 1# - ADDED ENTRY--PERSONAL NAME
Personal name السلفي، محمد إشفاق
Relator term مترجم.
700 1# - ADDED ENTRY--PERSONAL NAME
Personal name السلفي، محمد لقمان،
Dates associated with a name 1943-
Relator term معد.
942 ## - ADDED ENTRY ELEMENTS (KOHA)
Source of classification or shelving scheme Dewey Decimal Classification
Koha item type Books
Suppress in OPAC No
949 ## - LOCAL PROCESSING INFORMATION (OCLC)
a SA-JeALM
d 250126
u osman123
n 1
Holdings
Withdrawn status Lost status Source of classification or shelving scheme Damaged status Not for loan Home library Current library Date acquired Total checkouts Full call number Barcode Date last seen Price effective from Koha item type
    Dewey Decimal Classification     DR AbdElwahab Library DR AbdElwahab Library 01/27/2025   016.23 د هـ ل 000008462 01/27/2025 01/27/2025 Books